Sử dụng tư liệu báo chí trong dạy học phần "Công dân với dân với các vấn đề chính trị - xã hội" (SGK GDCD 11)
Một số vấn đề sử dụng tư liệu báo chí trong dạy học môn giáo dục công dân ở trường Trung học phổ thông. Thiết kế và sử dụng tư liệu báo chí trong dạy học các bài "Công dân với các vấn đề chính trị xã hội"
Kaydedildi:
| Yazar: | |
|---|---|
| Diğer Yazarlar: | |
| Materyal Türü: | Kitap |
| Dil: | Vietnamese |
| Baskı/Yayın Bilgisi: |
Đại học Đà Nẵng
2010
|
| Konular: | |
| Etiketler: |
Etiketle
Etiket eklenmemiş, İlk siz ekleyin!
|
| Thư viện lưu trữ: | Mạng thư viện Đại học Đà Nẵng |
|---|
| LEADER | 01615nam a2200373 4500 | ||
|---|---|---|---|
| 001 | 000011699 | ||
| 003 | 7966 | ||
| 005 | 20120208110220.0 | ||
| 008 | 120208s2010 viesd | ||
| 041 | |a vie | ||
| 072 | |a Khóa luận tốt nghiệp | ||
| 082 | |a 373.19 |b LE-V | ||
| 100 | |a Lê, Thị Vân |e Tác giả | ||
| 245 | |a Sử dụng tư liệu báo chí trong dạy học phần "Công dân với dân với các vấn đề chính trị - xã hội" (SGK GDCD 11) |c Lê Thị Vân | ||
| 260 | |a Đại học Đà Nẵng |c 2010 | ||
| 300 | |a 69 tr. |c 29 cm | ||
| 500 | |a Khóa luận tốt nghiệp khoa Giáo dục chính trị. Lớp 06 SGC | ||
| 520 | |a Một số vấn đề sử dụng tư liệu báo chí trong dạy học môn giáo dục công dân ở trường Trung học phổ thông. Thiết kế và sử dụng tư liệu báo chí trong dạy học các bài "Công dân với các vấn đề chính trị xã hội" | ||
| 653 | |a Tư liệu báo chí | ||
| 653 | |a Dạy học | ||
| 653 | |a Công dân | ||
| 653 | |a GDCD | ||
| 653 | |a Lớp 11 | ||
| 700 | |a Trần Quốc Cảnh |c Th.S |e Hướng dẫn | ||
| OWN | |a LSP | ||
| AVA | |a UDN50 |b LSP |d 373.19 LE-V |e available |t Error 5001 Not defined in file expand_doc_bib_avail. |f 1 |g 0 |h N |i 0 |k 1 | ||
| 999 | |a From the UDN01 | ||
| AVA | |a UDN50 |b LSP |d 373.19 LE-V |e available |t Error 5001 Not defined in file expand_doc_bib_avail. |f 1 |g 0 |h N |i 0 |k 1 | ||
| TYP | |a Monograph | ||
| TYP | |a Printed language | ||
| 980 | |a Mạng thư viện Đại học Đà Nẵng | ||